| 000 | 00690nab a2200217 a 4500 | ||
|---|---|---|---|
| 005 | 20210219161327.0 | ||
| 008 | 991125s1985 mx 000 0 spa u | ||
| 035 | _aUPN01000183062 | ||
| 100 | 1 | _aAlcover de la Hera, Carlos María | |
| 222 | _aPAPELES DEL PSICOLOGO | ||
| 245 | _aEquipos de trabajo en contextos organizacionales : dinámicas de cambio, adaptación y aprendizaje en entornos flexibles | ||
| 260 | _aMadrid, España | ||
| 300 | _a7-16 | ||
| 362 | 0 | _a2011 Vol. 32, no. 1, ene.-abr. | |
| 653 | 0 | _aFLEXIBILIDAD ORGANIZACIONAL | |
| 653 | 0 | _aEQUIPOS DE TRABAJO | |
| 653 | 0 | _aAPRENDIZAJE DE EQUIPO | |
| 700 | 1 | _aRico, Ramón, | |
| 700 | 1 | _ecoaut. | |
| 905 | _aArticulo | ||
| 999 |
_c155165 _d155165 |
||